[Event "Quebec op U1400"]
[Site "Montreal"]
[Date "2016.07.27"]
[Round "6.72"]
[White "Jordanov, Jordan"]
[Black "Rodi, Mathieu"]
[Result "1-0"]
[WhiteElo "1339"]
[BlackElo "1273"]
[PlyCount "85"]
[EventDate "2016.07.23"]
[EventType "swiss"]
[EventRounds "8"]
[EventCountry "CAN"]
[SourceTitle "EXT 2022"]
[Source "ChessBase"]
[SourceDate "2021.10.06"]
[SourceVersion "1"]
[SourceVersionDate "2021.10.06"]
[SourceQuality "1"]

1. d4 Nf6 2. c4 c5 3. e3 e6 4. Nc3 d5 5. Nf3 Nc6 6. dxc5 Bxc5 7. cxd5 exd5 8. Bb5 0-0 9. Bxc6 bxc6 10. Qa4 Qd6 11. 0-0 Rb8 12. a3 Bg4 13. Nd4 Bxd4 14. Qxd4 c5 15. Qa4 d4 16. exd4 cxd4 17. Nd1 Rfe8 18. f3 Bf5 19. Nf2 d3 20. Bf4 Qc5 21. Bxb8 Rxb8 22. b4 Qd4 23. Qa5 Nd5 24. Qc5 Qxc5 25. bxc5 Rb2 26. Rfb1 Rxb1+ 27. Rxb1 Kf8 28. Ne4 Nf4 29. Rd1 Ke7 30. g3 Bxe4 31. fxe4 Ne6 32. Rxd3 Nxc5 33. Rd5 Nd7 34. Ra5 a6 35. Rxa6 Nc5 36. Ra7+ Kf6 37. e5+ Ke6 38. Kg2 Nd7 39. a4 Nxe5 40. Ra8 h5 41. a5 Ke7 42. Rb8 g6 43. a6 1-0

[Event "Quebec op U1400"]
[Site "Montreal"]
[Date "2016.07.24"]
[Round "3.4"]
[White "Gao, Ying Chen"]
[Black "Rodi, Mathieu"]
[Result "0-1"]
[WhiteElo "1371"]
[BlackElo "1273"]
[PlyCount "49"]
[EventDate "2016.07.23"]
[EventType "swiss"]
[EventRounds "8"]
[EventCountry "CAN"]
[SourceTitle "EXT 2022"]
[Source "ChessBase"]
[SourceDate "2021.10.06"]
[SourceVersion "1"]
[SourceVersionDate "2021.10.06"]
[SourceQuality "1"]

1. e4 d5 2. exd5 Nf6 3. Bc4 Nxd5 4. Nf3 Nc6 5. 0-0 Bg4 6. Nc3 e6 7. Re1 Nb6 8. Be2 Be7 9. b3 Qd7 10. a4 0-0 11. Bb2 Rad8 12. d3 Bb4 13. Ng5 Bxe2 14. Qxe2 h6 15. Nf3 Nd5 16. Ne5 Nxe5 17. Qxe5 f6 18. Qd4 c5 19. Qc4 a6 20. Re2 Rfe8 21. Nxd5 exd5 22. Rxe8+ Rxe8 23. Qf4 Re2 24. c3 Qe6 25. Qc1 0-1